000 00602nam a2200229Ia 4500
003 OSt
005 20221006164859.0
006 a|||||r|||| 00| 0
007 ta
008 221006b |||||||| |||| 00| 0 eng d
024 _a696
037 _cTextual
040 _aFML
_cFML
_beng
041 _2eng
_aeng
082 _aN, B, J4
100 _aFrankfort Henri Au.
_9678566
245 0 _aArt And Architeature of The Ancient Orient
260 _aU.
_bK. Penguin
_c1954
300 _a280, 192
_ccm.
942 _hN, B, J4
_cTEXL
_2CC
999 _c1118797
_d1118797